Uniform Crime Reports (United States): Supplementary Homicide Reports, 1976-2004

These data provide incident-level information on criminal homicides including location, circumstances, and method of offense, as well as demographic characteristics of victims and perpetrators and the relationship between the two. The data were provided monthly to the Federal Bureau of Investigation...

Descripción completa

Guardado en:  
Detalles Bibliográficos
Autor principal: Fox, James Alan (Autor)
Tipo de documento: Electrónico Research Data
Lenguaje:Inglés
Publicado: [Erscheinungsort nicht ermittelbar] [Verlag nicht ermittelbar] 2007
En:Año: 2007
Acceso en línea: Volltext (kostenfrei)
Verificar disponibilidad: HBZ Gateway
Palabras clave:

MARC

LEADER 00000cam a22000002c 4500
001 1840057084
003 DE-627
005 20250708101042.0
007 cr uuu---uuuuu
008 230324s2007 xx |||||o 00| ||eng c
024 7 |a 10.3886/ICPSR20100.v1  |2 doi 
035 |a (DE-627)1840057084 
035 |a (DE-599)KXP1840057084 
040 |a DE-627  |b ger  |c DE-627  |e rda 
041 |a eng 
084 |a 2,1  |2 ssgn 
100 1 |a Fox, James Alan  |e VerfasserIn  |4 aut 
245 1 0 |a Uniform Crime Reports (United States): Supplementary Homicide Reports, 1976-2004 
264 1 |a [Erscheinungsort nicht ermittelbar]  |b [Verlag nicht ermittelbar]  |c 2007 
336 |a Text  |b txt  |2 rdacontent 
337 |a Computermedien  |b c  |2 rdamedia 
338 |a Online-Ressource  |b cr  |2 rdacarrier 
520 |a These data provide incident-level information on criminal homicides including location, circumstances, and method of offense, as well as demographic characteristics of victims and perpetrators and the relationship between the two. The data were provided monthly to the Federal Bureau of Investigation (FBI) by local law enforcement agencies participating in the FBI's Uniform Crime Reporting Program. 
540 |a ICPSR Terms of Use 
650 0 7 |0 (DE-588)4040235-6  |0 (DE-627)106224611  |0 (DE-576)209038853  |a Mord  |2 gnd 
650 4 |a Uniform Crime Reports 
650 4 |a Arrests 
650 4 |a Crime rates 
650 4 |a Crime reporting 
650 4 |a Crime Statistics 
650 4 |a Homicide 
650 4 |a Law Enforcement 
650 4 |a Offenders 
650 4 |a Offenses 
650 4 |a Victims 
651 7 |0 (DE-588)4078704-7  |0 (DE-627)106076612  |0 (DE-576)209209682  |a Usa  |2 gnd 
655 7 |a Forschungsdaten  |y 1976-2004  |0 (DE-588)1098579690  |0 (DE-627)857755366  |0 (DE-576)469182156  |2 gnd-content 
787 0 8 |i Forschungsdaten zu  |a Loftin, Colin  |t The accuracy of Supplementary Homicide Report rates for large U.S. cities  |d 2015  |w (DE-627)1912448556 
787 0 8 |i Forschungsdaten zu  |a Browne Miller, Angela, 1952 -   |t Anticipating the Future Based on Analysis of the Past: Intercity Variation in Youth Homicide, 1984-2006  |d RTI International, 2010  |w (DE-627)1912458217 
787 0 8 |i Forschungsdaten zu  |a Parker, Karen F.  |t The changing urban landscape: Interconnections between racial/ethnic segregation and exposure in the study of race-specific violence over time  |d 2015  |w (DE-627)1912475855 
787 0 8 |i Forschungsdaten zu  |a Gruenewald, Jeff  |t A comparative examination of homicides perpetrated by far-right extremists  |d 2011  |w (DE-627)1912486105 
787 0 8 |i Forschungsdaten zu  |a Currie, Morgan  |t The conundrum of police officer-involved homicides: Counter-data in Los Angeles County  |d 2016  |w (DE-627)1912492318 
787 0 8 |i Forschungsdaten zu  |a Bruhn, Jesse  |t Crime and Public Housing: A General Equilibrium Analysis  |d [Erscheinungsort nicht ermittelbar] : [Verlag nicht ermittelbar], 2018  |w (DE-627)1912496968 
787 0 8 |i Forschungsdaten zu  |a Klemp-North, Michael T.  |t A Cross-Sectional Approach to Institutional Anomie and Gang-Related Homicide  |d [Erscheinungsort nicht ermittelbar] : Western Michigan University, 2009  |w (DE-627)1912503468 
787 0 8 |i Forschungsdaten zu  |a Chung, Seung-hun  |t Does refugee inflow affect urban crime? Evidence from the U.S. Indochinese refugee resettlement  |d 2021  |w (DE-627)191251933X 
787 0 8 |i Forschungsdaten zu  |a Raissian, Kerri M.  |t Hold your fire: Did the 1996 Federal Gun Control Act expansion reduce domestic homicides?  |d 2016  |w (DE-627)1912574896 
787 0 8 |i Forschungsdaten zu  |a Gonzalez, Andrew  |t Homicide in Alaska 1976-2016: A Descriptive Analysis of the Federal Bureau of Investigation's Supplemental Homicide Reports  |d [Erscheinungsort nicht ermittelbar] : Alaska Justice Information Center, 2020  |w (DE-627)191257554X 
787 0 8 |i Forschungsdaten zu  |a Robers, Simone  |t Indicators of School Crime and Safety: 2014  |d [Erscheinungsort nicht ermittelbar] : United States Department of Education, National Center for Education Statistics; United States Department of Justice, Bureau of Justice Statistics, 2015  |w (DE-627)1912589222 
787 0 8 |i Forschungsdaten zu  |a Musu-Gillette, Lauren  |t Indicators of School Crime and Safety: 2016  |d [Erscheinungsort nicht ermittelbar] : United States Department of Education, National Center for Education Statistics; United States Department of Justice, Bureau of Justice Statistics, 2017  |w (DE-627)1912589249 
787 0 8 |i Forschungsdaten zu  |a Musu-Gillette, Lauren  |t Indicators of School Crime and Safety: 2017  |d [Erscheinungsort nicht ermittelbar] : United States Department of Education, National Center for Education Statistics, 2018  |w (DE-627)1912589257 
787 0 8 |i Forschungsdaten zu  |a Mize, Krystal D.  |t Intimate partner homicide methods in heterosexual, gay and lesbian relationships  |d 2008  |w (DE-627)1912596288 
787 0 8 |i Forschungsdaten zu  |a Chan, Heng Choon O.  |t Juvenile and adult offenders arrested for sexual homicide: An analysis of victim-offender relationship and weapon used by race  |d 2013  |w (DE-627)1912602857 
787 0 8 |i Forschungsdaten zu  |a Parkin, William S.  |t Police, public and community violence: Exploring the relationships between use of deadly force, law enforcement killed, and homicide rates in the United States  |d 2020  |w (DE-627)1912653362 
787 0 8 |i Forschungsdaten zu  |a Pierce, Glenn L.  |t Race and death sentencing for Oklahoma homicides committed between 1990 and 2012  |d 2017  |w (DE-627)1912672391 
787 0 8 |i Forschungsdaten zu  |a Scott, Kendra  |t A social scientific approach toward understanding racial disparities in police shooting: Data from the Department of Justice (1980-2000)  |d 2017  |w (DE-627)1912707241 
787 0 8 |i Forschungsdaten zu  |a Diez, Carolina  |t State intimate partner violence-related firearm laws and intimate partner homicide rates in the United States, 1991 to 2015  |d 2017  |w (DE-627)1912711737 
787 0 8 |i Forschungsdaten zu  |a Fox, Kathleen A.  |t Understanding the scope of missing and murdered indigenous peoples: A longitudinal examination of the understudied population of indigenous males in Arizona  |d 2023  |w (DE-627)191273432X 
787 0 8 |i Forschungsdaten zu  |a Terranova, Claudio  |t Women victims of intentional homicide in Italy: New insights comparing Italian trends to German and U.S. trends, 2008-2014  |d 2018  |w (DE-627)1912751895 
856 4 0 |u https://doi.org/10.3886/ICPSR20100.v1  |x Resolving-System  |z kostenfrei  |3 Volltext  |7 0 
935 |a mkri 
951 |a BO 
ELC |a 1 
LOK |0 000 xxxxxcx a22 zn 4500 
LOK |0 001 4296804685 
LOK |0 003 DE-627 
LOK |0 004 1840057084 
LOK |0 005 20230324125248 
LOK |0 008 230324||||||||||||||||ger||||||| 
LOK |0 035   |a (DE-2619)ICPSR20100 
LOK |0 040   |a DE-2619  |c DE-627  |d DE-2619 
LOK |0 092   |o n 
LOK |0 852   |a DE-2619 
LOK |0 852 1  |9 00 
LOK |0 935   |a foda  |a nacj 
LOK |0 939   |a 24-03-23  |b l01 
OAS |a 1 
ORI |a SA-MARC-krimdoka001.raw 
TIM |a 100019760101_100020041231  |b 1976 - 2004